Word Ladder: Arrested Development Quiz Stats

 Plays Quiz Updated Aug 19, 2012

Support Sporcle.
Go Orange.
Score 0/22 Timer 03:00
0 Plays Today
Hint Word % Correct
DifficultHARD
96.4%
American automakerFORD
95.7%
• You might lose this if you don't lose the whole armHAND
95.6%
Pig fatLARD
94.9%
Difference between volleyball and beach volleyballSAND
94.7%
Darth Vader's titleLORD
94.3%
University housingDORM
92.5%
Of sound mindSANE
92.1%
Retailer's offerSALE
91.8%
Golfing yellFORE
91.5%
• Always shut this while the A/C is onDOOR
90%
Hint Word % Correct
What's on the menuFOOD
89.3%
Shape; configurationFORM
87.9%
Hillary Clinton and Meryl Streep alma materYALE
84.4%
Fantastic Four nemesisDOOM
83.6%
• Never do this while daddy is drivingYELL
79.2%
CenterCORE
76%
State of mindMOOD
75.9%
Forbidden contractionY'ALL
74.9%
Original inhabitant of MauritaniaMOOR
72%
• Always leave one of theseNOTE
43.5%
Sheep or bird shelterCOTE
36.3%

Today's Daily Dose

Word Ladder
ING Words

Get the Picture
Nearest Volcano

From the Vault

Earn a BA in English

by DesertSpartan

Only mildly more difficult than actually earning one.
Remove Ads.
Support Sporcle.
Get the best of Sporcle when you Go Orange. This ad-free experience offers more features, more stats, and more fun while also helping to support Sporcle. Thank you for becoming a member.

Show Comments

Extras

Top Quizzes Today


Score Distribution

Your Account Isn't Verified!

In order to create a playlist on Sporcle, you need to verify the email address you used during registration. Go to your Sporcle Settings to finish the process.

Report this User

Report this user for behavior that violates our Community Guidelines.

Details: